000 00392nam a2200169Ia 4500
003 0STCL
008 150530s9999 xx 000 0 und d
040 _aSTCL
_cSTCL
100 _aKedarnath Mishra Pranath
245 _aSarganth
260 _bBharathiya Sahitya Prakasan; Meerut
_c1975
300 _a0
546 _aHindi
942 _2ddc
_cBK
999 _c62733
_d62733
005 20220125171213.0